000 00897nas a2200277 4500
001 BR0807852
003 BR-BrBNA
005 20231205112742.0
007 ta
008 230509b bl.|||p| |||| 00| 00por d
040 _aBR-BrBNA
_bpor
_cBiblioteca Nacional de Agricultura
041 _a(Pt)
072 _aL73
100 1 _aViana, C.H.C.
100 1 _aArruda, R.P. de
100 1 _aMoretti, A.S.A.
100 1 _aVisintin, J.A.
245 1 _aDiagnóstico de cistos ovaianos pela palpação de ultra-sonografia transretal em fêmeas suínas: relato de dois casos clínicos
650 _aPORCO
650 _aCISTO
650 _aDOENÇA ANIMAL
650 _aULTRA SONOGRAFIA
773 0 _tBrazilian Journal of Veterinary Research and Animal Science (Brazil)
_xISSN 1413-9596
_g(1998), v. 35(1/6) p. 64-68
_wBR0807852
909 _a202311
_bLúcia
_c55
_dLúcia Elande
942 _2AGRIS
_n0
_cANA
999 _c199773
_d199773